Responses for show #8442 - Tuesday, July 13, 2021

Champion's winnings & consolation amounts matched to Share Our Strength's No Kid Hungry campaign.

Contestants

[<< previous game]

Alex Lamb, a data scientist from Lake Forest, California

Lauren Fisk, a teacher originally from San Antonio, Texas

Tim Moon, an attorney originally from Syracuse, New York (whose 1-day cash winnings total $28,200)

[next game >>]

Jeopardy! Round responses

OLD JOBS
EVERYTHING IS ASSAM
"E" BOOKS
2-LETTER WORDS
YOU CAN'T
TUNE A FISH
    $200 20
newspapers

Alex
    $200 26
tea

Tim
    $200 1
Eclipse

Triple Stumper
    $200 15
go

Alex
    $200 25
C-3PO

Tim
    $200 6
"Rock Lobster"

Alex
    $400 18
a chimney sweep

Tim
    $400 27
a loom

Tim
    $400 2
East of Eden

Lauren
    $400 14
(George: As in "To [*] or not to [*]".)

be

Triple Stumper
    $400 24
a boulder

Tim
    $400 7
"Baby Shark"

Tim
    $600 17
(Alex: What is maverick?)

iceman

TimAlex
    $600 28
a tiger

Tim
    $600 3
Ella Enchanted

Triple Stumper
    $600 13
It

Tim
    $600 23
the clutch

Tim
    $600 8
"Under The Sea"

Alex
    $800 16
a bowling alley

Tim
    $800 29
silkworms

Tim
    $800 4
Eats, Shoots & Leaves

Tim
    $800 11
pi

Alex
    $800 21
(Tim: What is Las Vegas?)
(Lauren: What is Lake Tahoe?)

Los Angeles

TimLaurenAlex
    $800 9
"Barracuda"

Lauren
    $1000 19
a lector

Triple Stumper
    $1000 30
monsoons

Lauren
    $1,000 5
Emma

Tim
    $1000 12
Ag

Alex
    $1000 22
Eswatini

Lauren
    $1000 10
Three Dog Night

Alex

Scores at the first commercial break (after clue 15):

Tim Lauren Alex
$2,800 $1,200 $3,800

Scores at the end of the Jeopardy! Round:

Tim Lauren Alex
$7,000 $2,400 $4,200

Double Jeopardy! Round responses

2011: 10 YEARS AGO
LET'S GO TO THE BEACH
SUN & MOON
OVER BUDGET
FICTIONAL BOOKS
DOUBLE DOUBLE LETTERS
    $400 26
Osama bin Laden

Alex
    $400 1
(Tim: What is... Palm Beach?)

Miami Beach

Tim
Triple Stumper
    $400 6
a crater

Alex
    $400 11
the Olympics

Tim
    $400 16
The Book of Mormon

Tim
    $400 21
foosball

Tim
    $800 22
Kate Middleton & Prince William

Tim
    $800 2
Omaha Beach

Alex
    $800 7
Luna

Alex
    $800 12
the Sydney Opera House

Tim
    $800 17
Carrie Bradshaw

Lauren
    $800 30
toffee

Alex
    $10,000 23
Occupy Wall Street

Tim
    $1200 3
the Virgin Islands

Alex
    $1200 8
a sunspot

Alex
    $1200 13
Spider-Man

Lauren
    $1200 18
Basic Instinct

Alex
    $1200 29
happiness

Tim
    $1600 24
John Boehner

Tim
    $1600 4
Dover Beach

Lauren
    $4,000 9
Ptolemy

Alex
    $1600 14
Tweed

Alex
    $1600 19
The Grand Budapest Hotel

Alex
    $1600 28
beekeeping

Triple Stumper
    $2000 25
Hamas

Tim
    $2000 5
South Africa

Alex
    $2000 10
a red giant

Alex
    $2000 15
the BBC

Tim
    $2000 20
T.S. Garp

Triple Stumper
    $2000 27
an innkeeper

Lauren

Scores at the end of the Double Jeopardy! Round:

Tim Lauren Alex
$26,200 $8,000 $22,200

[wagering suggestions for these scores]

Final Jeopardy! Round responses

INVENTORS & INVENTIONS
(George: [To Lauren] He built a better [*], it was called the Little Nipper, and it's classic design is still being used today.)
LaurenWhat is a mousetrap?
$8,000
AlexWhat clothespin
$22,200
TimWhat is a mousetrap?
$18,201
a mousetrap

Final scores:

Tim Lauren Alex
$44,401 $16,000 $0
2-day champion: $72,601 2nd place: $2,000 3rd place: $1,000

Game dynamics:

Coryat scores:

Tim Lauren Alex
$17,400 $8,000 $19,800
24 R
(including 2 DDs),
2 W
8 R,
1 W
21 R
(including 1 DD),
1 W

Combined Coryat: $45,200

The J! Archive is created by fans, for fans. The Jeopardy! game show and all elements thereof, including but not limited to copyright and trademark thereto, are the property of Jeopardy Productions, Inc. and are protected under law. This website is not affiliated with, sponsored by, or operated by Jeopardy Productions, Inc. Join the discussion at JBoard.tv.